HNK RIjeka All-time top 20 appearances - Statistics

General Stats
  • This quiz has been taken 44 times
  • The average score is 8 of 20
Answer Stats
Answer Period Nastupi % Correct
Damir Desnica 1972–84 251
85%
Srećko Juričić 1974–85 293
83%
Damir Milinović 1994–2000 2001–04 197
73%
Mladen Mladenović 1981–89 1993–94 1997–98 156
61%
Adriano Fegic 1977–85 160
56%
Ðoni Tafra 1996–03 176
54%
Kristijan Čaval 1996–97 1998–05 2010–13 198
51%
Mauro Ravnić 1978–88 186
46%
Miloš Hrstić 1975–84 230
41%
Marijan Jantoljak 1960–71 190
34%
Vladimir Lukarić 1958–69 1971–72 202
32%
Zvjezdan Radin 1974–85 247
32%
Milan Ružić 1976–83 175
29%
Dragan Tadić 1992–95 2003–07 161
24%
Mladen Romić 1988–94 1995–98 180
17%
Robert Rubčić 1982–84 1985–94 1995–96 184
17%
Mladen Vranković 1960–68 158
12%
Roberto Paliska 1984–91 1994–96 172
10%
Sergio Machin 1970–82 166
10%
Anđelo Milevoj 1963–70 174
7%
No matching quizzes found
Score Distribution
Percent of People with Each Score
Percentile by Number Answered
Your Score History
You have not taken this quiz